Stades de Ligue 1 (2021-2022) - Statistiques

Statistiques générales
  • Ce quiz a été pris 2 850 fois
  • Le résultat moyen est 13 sur 20
Statistiques - réponses
Équipe Stade Capacité % Correct
Olympique de Marseille Stade Vélodrome 67.394
99%
Paris-Saint-Germain Parc des Princes 48.583
96%
Olympique Lyonnais Parc Olympique Lyonnais 59.186
91%
FC Nantes Stade de la Beaujoire 35.322
79%
AS Monaco Stade Louis-II 16.500
79%
AS Saint-Étienne Stade Geoffroy-Guichard 41.965
75%
Girondins de Bordeaux Matmut-Atlantique 42.115
73%
OGC Nice Allianz Riviera 36.178
71%
Lille OSC Stade Pierre-Mauroy 50.157
71%
RC Lens Stade Bollaert-Delelis 38.058
67%
Stade Rennais FC Roazhon Park 29.778
60%
RC Strasbourg Alsace Stade de la Meinau 26.280
59%
Montpellier HSC Stade de la Mosson 22.000
56%
Angers SCO Stade Raymond-Kopa 17.048
52%
FC Metz Stade Saint-Symphorien 30.000
50%
ESTAC Troyes Stade de l'Aube 20.400
42%
FC Lorient Stade du Moustoir 18.970
41%
Stade Brestois Stade Francis-Le Blé 14.920
39%
Stade de Reims Stade Auguste-Delaune 21.029
34%
Clermont Foot 63 Stade Gabriel-Montpied 12.768
25%
Aucun quiz correspondant
Distribution des résultats
% des personnes avec chaque résultat
Percentile par nombre de réponses
Votre historique - résultats
Vous n’avez pas pris ce quiz